US City to State - Hard Edition - Statistics

General Stats
  • This quiz has been taken 243 times
  • The average score is 11 of 15
Answer Stats
Question Answer % Correct
Midland Texas
93%
Tuscaloosa Alabama
92%
Oshkosh Wisconsin
85%
Newport Rhode Island
84%
Coeur d'Alene Idaho
82%
Dubuque Iowa
82%
Bethany Beach Delaware
76%
Durango Colorado
74%
Owensboro Kentucky
73%
Prudhoe Bay Alaska
70%
Gillette Wyoming
69%
Williston North Dakota
55%
El Centro California
53%
Bad Axe Michigan
51%
Boise City Oklahoma
32%
No matching quizzes found
Score Distribution
Percent of People with Each Score
Percentile by Number Answered
Your Score History
You have not taken this quiz